Hướng dẫn luyện tập môn bóng bàn

Giới thiệu một số kiến thức bóng bàn cơ bản; Kỹ thuật cơ bản; Nâng cao trình độ; Giao bóng và đỡ giao bóng; Bí quyết giành thắng lợi trong giao đấu; Một số quy tắc trong thi đấu và thuật ngữ bóng bàn cơ bản...

Deskribapen osoa

Gorde:
Xehetasun bibliografikoak
Egile nagusia: Nguyễn, Duy Chinh
Beste egile batzuk: Trương, Ngọc Quỳnh
Formatua: Liburua
Hizkuntza:Undetermined
Argitaratua: H. Thể dục thể thao 2014
Gaiak:
Sarrera elektronikoa:http://lrc.tdmu.edu.vn/opac/search/detail.asp?aID=2&ID=24657
Etiketak: Etiketa erantsi
Etiketarik gabe, Izan zaitez lehena erregistro honi etiketa jartzen!
Thư viện lưu trữ: Trung tâm Học liệu Trường Đại học Thủ Dầu Một
LEADER 01039nam a2200217Ia 4500
001 TDMU_24657
008 210410s9999 xx 000 0 und d
082 |a 796.34 
090 |b NG527 
100 |a Nguyễn, Duy Chinh 
245 0 |a Hướng dẫn luyện tập môn bóng bàn 
245 0 |c Nguyễn Duy Chinh, Trương Ngọc Quỳnh biên soạn 
260 |a H. 
260 |b Thể dục thể thao 
260 |c 2014 
300 |a 219tr. 
520 |a Giới thiệu một số kiến thức bóng bàn cơ bản; Kỹ thuật cơ bản; Nâng cao trình độ; Giao bóng và đỡ giao bóng; Bí quyết giành thắng lợi trong giao đấu; Một số quy tắc trong thi đấu và thuật ngữ bóng bàn cơ bản 
650 |a Bóng bàn  |x Kĩ thuật 
700 |a Trương, Ngọc Quỳnh 
856 |u http://lrc.tdmu.edu.vn/opac/search/detail.asp?aID=2&ID=24657 
980 |a Trung tâm Học liệu Trường Đại học Thủ Dầu Một